000 00671nam a2200229Ia 4500
005 20250508162507.0
008 008 250505s9999 xx 000 0 eng d
020 _a07167-0693-8
037 _aTextual
040 _aFEDL
_beng
_cFEDL
041 _aeng
_2eng
084 _a001.422, SOK
_qFEDL
100 _aSokal Robert R
_9460971
245 0 _aIntroduction to biostatistics
260 _aSan Francisco
_bW.H. Freeman and Company
_c1969
300 _axiii,368p.
490 _aA Series of Book in Biology
650 _aStatistics Methods
_9756281
700 _a Rohif F James
_9773282
942 _cTEXL
_h001.422, SOK
999 _c1376903
_d1376903